|
|
|
|
| LEADER |
01002nam a22002537a 4500 |
| 001 |
39405 |
| 003 |
BD-DhAAL |
| 008 |
220823t2014 bg a b 000 0 eng d |
| 999 |
|
|
|c 44612
|d 44612
|
| 020 |
|
|
|a 9789848796849
|
| 040 |
|
|
|a BD-DhAAL
|c BD-DhAAL
|
| 082 |
|
|
|a 320.95492
|2 23
|
| 100 |
|
|
|a Alam, Jaglul
|9 51005
|
| 245 |
|
|
|a The birth of Bangladesh in American Press /
|c Jaglul Alam
|
| 260 |
|
|
|a Dhaka :
|b ABOSAR,
|c 2014.
|
| 300 |
|
|
|a 259 pages :
|b illustrations (black and white) ;
|c 22 cm.
|
| 526 |
|
|
|a GenEd
|
| 541 |
|
|
|a Book Finder International
|e 39405
|
| 650 |
|
|
|a Media coverage of
|z Bangladesh
|x History.
|9 51006
|
| 651 |
|
|
|a Bangladesh
|x Politics and Government.
|9 51007
|
| 651 |
|
|
|a Bangladesh
|x Relations
|z United States.
|9 51008
|
| 852 |
|
|
|a Savar Campus Library
|c General Stacks
|
| 942 |
|
|
|2 ddc
|c BK
|
| 952 |
|
|
|0 0
|1 0
|2 ddc
|4 0
|6 320_954920000000000_ALA
|7 0
|9 71439
|a SCL
|b SCL
|c GEN
|d 2022-08-02
|e Book Finder International
|g 585.00
|l 3
|m 8
|o 320.95492 ALA
|p 3020039405
|r 2023-04-15
|s 2023-02-22
|t 1
|v 0.00
|w 2022-08-02
|y BK
|